International journal of cognitive linguistics

Detalles Bibliográficos
Formato: Electrónico Revista
Lenguaje:inglés
Publicado: Hauppauge, N.Y. : Nova Science Publishers, Inc.
Materias:
Acceso en línea:Full text available from Research Library: 01/01/2011 to 07/31/2014

MARC

LEADER 00000nas a22000007i 4500
001 ssj0001454260
003 WaSeSS
005 20200512172242.0
006 m d
007 cr n
008 140725c20109999nyufr p s 0 a0eng
010 |a  2014202914 
022 |a 2374-0930  |y 1949-4971 
035 |a (WaSeSS)ssj0001454260 
037 |b Nova Science Publishers, Inc., 400 Oser Ave., Suite 1600, Hauppauge, NY 11788-3619 
040 |a DLC  |b eng  |c DLC  |d OCLCO  |d COO  |d AU@  |d WaSeSS 
042 |a pcc  |a nsdp 
082 1 0 |a 415  |2 14 
210 0 |a Int. j. cogn. linguist.  |b (Online) 
222 0 |a International journal of cognitive linguistics  |b (Online) 
245 0 0 |a International journal of cognitive linguistics  |h [electronic resource]. 
246 1 |a IJCL 
260 |a Hauppauge, N.Y. :  |b Nova Science Publishers, Inc. 
310 |a Twice a year 
362 1 |a Began with: Volume 1, issue 1 (2010). 
506 |a License restrictions may limit access. 
588 |a Description based on: Volume 1, issue 2 (2010); title from PDF cover image (Nova Science website, viewed on July 25, 2014). 
588 |a Latest issue consulted: Vol. 1, issue 2 (2010) (viewed on July 25, 2014). 
650 0 |a Cognitive grammar  |v Periodicals. 
650 7 |a Cognitive grammar.  |2 fast  |0 (OCoLC)fst00866531 
655 0 |a Electronic journals. 
776 0 8 |i Print version:  |t International journal of cognitive linguistics  |x 1949-4971  |w (DLC) 2009200356  |w (OCoLC)426035156 
856 4 0 |z Full text available from Research Library: 01/01/2011 to 07/31/2014  |u https://search.proquest.com/publication/2034870